| 000 | 00541nam a2200193Ia 4500 | ||
|---|---|---|---|
| 999 |
_c3546 _d3546 |
||
| 003 | OSt | ||
| 005 | 20200628133537.0 | ||
| 008 | 191128s1198 sp gr 000 j spa d | ||
| 020 | _a8472544699 | ||
| 040 |
_aCO-JMCR _cCO-JMCR |
||
| 041 | _aspa | ||
| 082 | 0 | 4 |
_aLM / _bBECi |
| 100 | 1 |
_aBécquer, Gustavo Adolfo, _d1836-1870 _eautor _96285 |
|
| 245 | 1 | 0 |
_aLeyendas y narraciones / _cGustavo A. Becquer |
| 260 |
_aBarcelona : _bCarroggio, _c1982 |
||
| 300 |
_a213 páginas ; _c23 cm. |
||
| 650 | 1 | 4 |
_aLeyendas españolas _96286 |
| 942 |
_2ddc _cBK |
||